UM Logo

Drag and drop: (Record no. 1605)

MARC details
000 -LEADER
fixed length control field 00585nam a22001697a 4500
008 - FIXED-LENGTH DATA ELEMENTS--GENERAL INFORMATION
fixed length control field 160408b xxu||||| |||| 00| 0 eng d
020 ## - INTERNATIONAL STANDARD BOOK NUMBER
International Standard Book Number 9788120757400
082 ## - DEWEY DECIMAL CLASSIFICATION NUMBER
Edition number 2011
Classification number DC 005.57
Item number M66
100 ## - MAIN ENTRY--PERSONAL NAME
9 (RLIN) 5010
Personal name Minhas, Davinder Singh
245 ## - TITLE STATEMENT
Title Drag and drop:
Remainder of title MS Outlook 2010/
Statement of responsibility, etc. Davinder Singh Minhas
260 ## - PUBLICATION, DISTRIBUTION, ETC. (IMPRINT)
Place of publication, distribution, etc. New Delhi:
Name of publisher, distributor, etc. Sterling Publishers Limited Inc.,
Date of publication, distribution, etc. c2011.
300 ## - PHYSICAL DESCRIPTION
Extent 40 pages:
Other physical details illustrations;
Dimensions 28 cm.
650 #0 - SUBJECT ADDED ENTRY--TOPICAL TERM
9 (RLIN) 5012
Topical term or geographic name as entry element Time management
General subdivision Computer programs
650 #0 - SUBJECT ADDED ENTRY--TOPICAL TERM
9 (RLIN) 5013
Topical term or geographic name as entry element Electronic mail systems
General subdivision Computer programs
365 ## - TRADE PRICE
Price amount 210.00
Currency code Php.
942 ## - ADDED ENTRY ELEMENTS (KOHA)
Source of classification or shelving scheme Dewey Decimal Classification
Koha item type Circulation
Holdings
Withdrawn status Lost status Source of classification or shelving scheme Damaged status Not for loan Collection code Home library Current library Date acquired Source of acquisition Total Checkouts Full call number Barcode Date last seen Cost, replacement price Price effective from Koha item type
    Dewey Decimal Classification     Circulation UM Digos College - LIC UM Digos College - LIC 09/25/2014 Purchased   DC 005.57 M66 2011 22449 05/15/2025 210.00 04/08/2016 Circulation